LEADER 01347nam a2200325 4500 001 000000348845 003 CaOOAMICUS 005 20211220163303.0 008 211209s1999 it 000 u ita r 020 $a88-8272-030-6 040 $aSeMil$bita 100 1 $aGiuliotti, Domenico,$d<1877-1956>.$0(OLS)http://semarc/name/8610 245 10$aTizzi e fiamme /$cDomenico Giuliotti ; a cura di Massimo Baldini. 264 1$aSiena :$bCantagalli,$c1999. 300 $a216 p. ;$c19 cm 490 1 $aI classici cristiani$a292 490 1 $aI classici cristiani. Nuova serie ;$v1 541 0 $aOmaggio card. Angelo Scola (1C I 269) 650 4$aSpiritualità.$0(OLS)http://semarc/subject/5428 700 1 $aBaldini, Massimo,$d<1947-2008>.$0(OLS)http://semarc/name/89118 830 2$aI classici cristiani ;$v292.$0(OLS)http://semarc/title/386 830 2$aI classici cristiani. Nuova serie ;$v1.$0(OLS)http://semarc/title/11799 850 $aSeMil 852 $aSeMil$W1$xVenegono$y1$m1C I 269$j230859$B239941$CSeMilBibl$Z2$F239941 $81 941 1 $a6 961 $aOmaggio card. Angelo Scola 996 $6020$a88-8272-030-6$9(OLS)http://semarc/number/294841 996 $6245$aTizzi e fiamme$9(OLS)http://semarc/title/237820 996 $6264$aSiena :$bCantagalli$9(OLS)http://semarc/publisher/29767 LEADER 01566nam a2200277 i 4500 001 000000041150 003 CaOOAMICUS 005 20081222000000.0 008 081222s1982 it u000 u mul u 013 $a12320 040 $aSeMil$bita 100 1 $aTomasoni, Francesco,$d<1947- >.$0(OLS)http://semarc/name/7502 245 10$aFeuerbach e la dialettica dell'essere /$cFrancesco Tomasoni ; con la pubblicazione di due scritti inediti. 260 $aFirenze :$bLa Nuova Italia,$c1982. 300 $aX, 142 p. ;$c25 cm. 490 0 $aPubblicazioni dell'Istituto di Storia della filosofia dell'Università degli Studi di Milano ;$v27 490 0 $aPubblicazioni della Facoltà di lettere e filosofia dell'Università di Milano ;$v94. 500 $aI due inediti sono titolati: Aristoteles, Qualität, Metaphysik ; Übergang von der Theologie zur Philosophie. - Testo originale tedesco a fronte. 600 14$aFeuerbach, Ludwig <1804-1872>.$0(OLS)http://semarc/subject/8707 830 0$aPubblicazioni dell'Istituto di Storia della filosofia dell'Università degli Studi di Milano ;$v27.$0(OLS)http://semarc/title/18885 830 0$aPubblicazioni della Facoltà di lettere e filosofia dell'Università di Milano ;$v94.$0(OLS)http://semarc/title/22066 850 $aSeMil 852 $aSeMil$W1$xVenegono$y1$m2P IV 506$j7305$B7305$CSeMilBibl$Z2$F7305 $81 961 $aAcquisto: Casa editrice 996 $6245$aFeuerbach e la dialettica dell'essere$9(OLS)http://semarc/title/59460 996 $6260$aFirenze :$bLa Nuova Italia$9(OLS)http://semarc/publisher/30055